Football: Les meilleurs buteurs de ces équipes italiennes. #3 - Statistiques

Statistiques générales
  • Ce quiz a été pris 146 fois
  • Le résultat moyen est 18 sur 30
Statistiques - réponses
Equipes Pays Joueurs % Correct
Portugal Cristiano Ronaldo
94%
Suède Zlatan Ibrahimovic
88%
Juventus Turin Italie Alessandro Del Piero
85%
AC Milan Ukraine Andrei Schevchenko
84%
Belgique Romelu Lukaku
82%
Inter Milan Argentine Lautaro Martinez
81%
France David Trezeguet
80%
Bosnie-Herzégovine Edin Dzeko
79%
AS Rome Italie Francesco Totti
76%
Napoli FC Belgique Dries Mertens
74%
Uruguay Edinson Cavani
72%
Slovaquie Marek Hamsik
68%
Lazio Rome Italie Ciro Immobile
67%
Italie Filippo Inzaghi
67%
Italie Filippo Inzaghi
67%
Argentine Paolo Dybala
67%
Brésil Ricardo Kaka
67%
Argentine Gonzalo Higuain
63%
Portugal Rafael Leao
60%
Italie/Egypte Stephan El Shaarawy
55%
Italie Lorenzo Insigne
50%
Allemagne Miroslav Klose
49%
Argentine Diego Milito
48%
Argentine Mauro Icardi
42%
Serbie Sergej Milinkovic-Savic
37%
Macédoine du Nord Goran Pandev
33%
Italie Christian Vieri
21%
Italie Vincenzo Montella
8%
Italie Marco Delvecchio
5%
Italie Tommaso Rocchi
2%
Aucun quiz correspondant
Distribution des résultats
% des personnes avec chaque résultat
Percentile par nombre de réponses
Votre historique - résultats
Vous n’avez pas pris ce quiz